Implementing the directives 2002/96/EC and 2003/108/EC on waste electrical and electronic equipment (WEEE) in the United Kingdom (Record no. 105699)

MARC details
000 -LEADER
fixed length control field 01447cam a2200241 4500
001 - CONTROL NUMBER
control field ##L134491
008 - FIXED-LENGTH DATA ELEMENTS--GENERAL INFORMATION
fixed length control field 060810n2006 000 0 eng u
035 ## - SYSTEM CONTROL NUMBER
System control number (Sirsi) u134491
041 0# - LANGUAGE CODE
Language code of text/sound track or separate title eng
050 04 - LIBRARY OF CONGRESS CALL NUMBER
Classification number 614.76 $2 18
110 1# - MAIN ENTRY--CORPORATE NAME
Corporate name or jurisdiction name as entry element United Kingdom
Subordinate unit Department of Trade and Industry
245 00 - TITLE STATEMENT
Title Implementing the directives 2002/96/EC and 2003/108/EC on waste electrical and electronic equipment (WEEE) in the United Kingdom
260 ## - PUBLICATION, DISTRIBUTION, ETC.
Place of publication, distribution, etc. London
Name of publisher, distributor, etc. DTI
Date of publication, distribution, etc. 2006
505 0# - FORMATTED CONTENTS NOTE
Formatted contents note Part I (URN 06/1329): draft implementation of directives 2002/96/EC and 2003/108/EC on waste electrical and electronic equipment -- Part II (URN 06/1330): draft guidance to the waste electrical and electronic equipment regulation -- Part III (URN 06/1331): partial regulatory impact assessment for the WEEE regulations -- Draft WEEE regulations.
520 ## - SUMMARY, ETC.
Summary, etc. The consultation invites views on the government proposals for the draft legislation to implement directives 2002/96/EC and 2003/108/EC on waste electrical and electronic equipment and on the draft non-statutory guidance. Responses are required by 17 October 2006.
590 ## - LOCAL NOTE (RLIN)
Local note IKA220806
650 24 - SUBJECT ADDED ENTRY--TOPICAL TERM
Topical term or geographic name entry element DIRECTIVE 2002/96/EC
650 24 - SUBJECT ADDED ENTRY--TOPICAL TERM
Topical term or geographic name entry element DIRECTIVE 2003/108/EC
651 #4 - SUBJECT ADDED ENTRY--GEOGRAPHIC NAME
Geographic name United Kingdom
Chronological subdivision
690 ## - LOCAL SUBJECT ADDED ENTRY--TOPICAL TERM (OCLC, RLIN)
Topical term or geographic name as entry element ENVIRONMENTAL AND LAND CONSULTANCY-WASTE MANAGEMENT
856 40 - ELECTRONIC LOCATION AND ACCESS
Uniform Resource Identifier <a href="https://www.dti.gov.uk/consultations/page32448.html">https://www.dti.gov.uk/consultations/page32448.html</a>
Public note View the consultation free of charge at www.dti.gov.uk...
942 ## - ADDED ENTRY ELEMENTS (KOHA)
Suppress in OPAC 0
Holdings
Withdrawn status Lost status Source of classification or shelving scheme Damaged status Not for loan Home library Current library Shelving location Date acquired Total Checkouts Full call number Barcode Date last seen Copy number Price effective from Koha item type
    Dewey Decimal Classification     Virtual Virtual Online 10/08/2006   ONLINE PUBLICATION 134491-2001 06/08/2019 1 06/08/2019 Book